| 000 | 00826nam a22002057a 4500 | ||
|---|---|---|---|
| 999 |
_c4528 _d4528 |
||
| 003 | AR-CdUCM | ||
| 008 | 190308b ||||| |||| 00| 0 spa d | ||
| 040 |
_aMUNICIPALIDAD PROVINCIAL DEL CUSCO _cBIBLIOTECA MUNICIPAL DEL CUSCO |
||
| 082 | _a985.061 | ||
| 100 |
_aMercado Jarrin, Edgardo _914190 |
||
| 245 | _aPolítica y estrategia en la guerra de Chile / | ||
| 260 |
_aLima : _c1979. |
||
| 300 |
_a179 paginas , _c20 cm. |
||
| 505 | _aLa política Peruana no creó las condiciones favorables a la estrategia militar -- Chile no creo las condiciones favorables a la estrategia militar -- Hechos políticos estratégicos previos a la guerra -- La campaña de Tarapaca -- L a campaña de Tacna... | ||
| 650 |
_aGuerra _91007 |
||
| 650 |
_aChile _91150 |
||
| 650 |
_aCampañas _9895 |
||
| 942 |
_2ddc _cLIBROS |
||
| 945 | _awnts | ||